[Event "IECG TG.2003.0.15007"]
[Site "IECG email"]
[Date "2003.10.03"]
[Round "1"]
[White "Nouveau, Laurent"]
[Black "Sherson, Joel"]
[Result "0-1"]
[WhiteElo "804"]
[BlackElo "800"]
[PlyCount "76"]
[EventDate "2003.10.03"]
[EventType "match (corr)"]
[EventRounds "2"]
[SourceTitle "Corr 2008"]
[Source "ChessBase"]
[SourceDate "2008.06.24"]
[SourceVersion "1"]
[SourceVersionDate "2008.06.24"]
[SourceQuality "1"]

1. d4 d6 2. c4 g6 3. Nc3 Bg7 4. e4 Nf6 5. Nf3 0-0 6. Be2 e5 7. d5 Nbd7 8. 0-0 Nc5 9. Bg5 h6 10. Bh4 g5 11. Nxg5 hxg5 12. Bxg5 Qe8 13. Bxf6 Bxf6 14. b4 Nd7 15. Qd3 Bg7 16. Nb5 Qd8 17. Nc3 a5 18. a3 Qe7 19. Bg4 Nc5 20. bxc5 Bxg4 21. c6 bxc6 22. dxc6 Ra6 23. Nd5 Qd8 24. Ne3 Be6 25. Nf5 Rxc6 26. Rfc1 Bxf5 27. exf5 Qh4 28. Rab1 Qd4 29. Qg3 Kh7 30. Qf3 Rxc4 31. Qh5+ Kg8 32. Qg5 Rxc1+ 33. Rxc1 f6 34. Qe3 Rb8 35. Kf1 c5 36. h3 Rb2 37. Qxd4 exd4 38. Rd1 Rb3 0-1

[Event "IECG TG-2003-0-14948"]
[Site "IECG email"]
[Date "2003.07.27"]
[Round "2"]
[White "Sherson, Joel"]
[Black "Wilson, Damian"]
[Result "1-0"]
[WhiteElo "800"]
[BlackElo "800"]
[PlyCount "75"]
[EventDate "2003.07.27"]
[EventType "tourn (corr)"]
[EventRounds "6"]
[SourceTitle "Corr 2024"]
[Source "ChessBase"]
[SourceDate "2023.10.19"]
[SourceVersion "1"]
[SourceVersionDate "2023.10.19"]
[SourceQuality "1"]

1. d4 e6 2. Nf3 Nc6 3. c3 d5 4. Bg5 f6 5. Bh4 g5 6. Bg3 Qe7 7. e3 h5 8. h4 Bd7 9. Bd3 0-0-0 10. Qc2 g4 11. Nfd2 e5 12. Nb3 Re8 13. Nc5 exd4 14. Nxd7 Qxd7 15. Bf5 Re6 16. Bxe6 Qxe6 17. cxd4 Bb4+ 18. Nd2 Nge7 19. 0-0-0 Re8 20. Qh7 Qf5 21. Qxf5+ Nxf5 22. Bf4 a5 23. Nf1 Kd7 24. Ng3 Nd6 25. a3 Ra8 26. axb4 axb4 27. Kc2 b3+ 28. Kxb3 Na5+ 29. Kc2 Kc6 30. Ra1 Ndc4 31. b4 b6 32. Nxh5 Kb5 33. Nxf6 Rd8 34. bxa5 bxa5 35. Bxc7 Rd6 36. Bxd6 Nxd6 37. Rhb1+ Kc6 38. Rxa5 1-0